| 000 | 00933nam a2200277Ia 4500 | ||
|---|---|---|---|
| 003 | OSt | ||
| 005 | 20220926021004.0 | ||
| 006 | a|||||r|||| 00| 0 | ||
| 007 | ta | ||
| 008 | 220923b |||||||| |||| 00| 0 eng d | ||
| 020 |
_a3540510591 _cDM 45.00 |
||
| 037 |
_b2319, 27/10/1990, SBD _cGeneral Book |
||
| 040 |
_aRTL _cRTL _beng |
||
| 041 |
_2eng _aeng |
||
| 082 | _aX:74:(B), M7;M9 | ||
| 100 |
_aGabisch Gunter _9238753 |
||
| 245 | 0 |
_aBusiness cycle theory _bA survey of methods and con |
|
| 250 | _a2nd | ||
| 260 |
_aNew York _bSpringer-Verlag USA _c1989 |
||
| 300 |
_aix,248p _ccm. |
||
| 500 | _aLecture Notes in Economics and Mathematical Systems; Bibliography p 219-237 | ||
| 650 |
_aBusiness Cycle-United States _9236677 |
||
| 700 |
_a Lorenz Hans-Walter _9325528 |
||
| 942 |
_hX:74:(B), M7;M9 _cGB _2CC |
||
| 999 |
_c635391 _d635391 |
||